000 00727nam a2200265Ia 4500
003 OSt
005 20221006160139.0
006 a|||||r|||| 00| 0
007 ta
008 221006b |||||||| |||| 00| 0 eng d
020 _a9780930878467
_c
_17.50
024 _a44,429
037 _bGift, KCC (Window on Korea)
_cTextual
040 _aEASL
_cEASL
_beng
041 _2eng
_aeng
082 _aM31.495, M5
100 _aNoh Chin-hwa
245 0 _aHealthful Korean cooking
_b Meat and poultry
260 _aSeoul
_bHollym
_c1985
300 _a76p.
_ccm.
490 _v KEL
650 _aKEL
942 _hM31.495, M5
_cTEXL
_2CC
999 _c1112521
_d1112521